| 000 | 00388nam a22001457a 4500 | ||
|---|---|---|---|
| 008 | 220520b |||||||| |||| 00| 0 eng d | ||
| 020 | _a0862320798. | ||
| 050 | _aDT433.580 | ||
| 100 |
_a---- _951737 |
||
| 245 |
_aIndependent Kenya, _c----- |
||
| 260 |
_aZed Press: _b------- _c1982. |
||
| 300 |
_axiii,119p,; _c22cm. |
||
| 650 |
_aKenya; _xhistory _y1963 _930796 |
||
| 942 |
_2lcc _cMONOGRAPH |
||
| 999 |
_c131485 _d131485 |
||